L'Histoire en 10 questions #1 - Statistiques

Statistiques générales
  • Ce quiz a été pris 92 fois
  • Le résultat moyen est 3 sur 10
Statistiques - réponses
Question Réponse % Correct
Qui a dit '' je suis venu, j'ai vu, j'ai vaincu (veni vedi vici)'' ? Jules Cesar
99%
Que fête t-on le 14 juillet en France ? La Prise de la Bastille
81%
Quel est le premier empereur romain ? Auguste
67%
Quel événement a déclenché la première guerre mondiale ? L'assassinat de François Ferdinand
27%
Quelle bataille célèbre a eu lieu en 1066 entre les Normands et les Anglo-Saxons ? Bataille de Hastings
24%
En quelle année a commencé la construction du château de Versailles ? 1623
8%
En quelle année la Bretagne est rattaché à la France ? 1532
4%
Quel etait le plus grand empereur ottoman Suleiman le Magnifique
3%
Quelle était la première dynastie espagnole Dynastie Trastamara
1%
Quelle est le premier roi du Saint Empire Germanique ? Otton Ier
1%
Aucun quiz correspondant
Distribution des résultats
% des personnes avec chaque résultat
Percentile par nombre de réponses
Votre historique - résultats
Vous n’avez pas pris ce quiz